[Event "Challenge"]
[Site "http://www.queenalice.com/game.php?id=1298043"]
[Date "2014.7.29"]
[Round "-"]
[White "Amazona"]
[Black "JRic"]
[Result "0-1"]
[WhiteElo "1744"]
[BlackElo "1595"]

1. e4 e5 2. Nf3 d6 3. d4 Bg4 4. dxe5 dxe5 5. Qxd8+ Kxd8 6. Be2 Nc6 7. h3 Bxf3 8.
Bxf3 Nd4 9. Bd1 Nf6 10. Bg5 Be7 0-1

[Event "IX-E-2-A-R13-J3"]
[Site "http://www.queenalice.com/game.php?id=1298189"]
[Date "2014.7.30"]
[Round "-"]
[White "Amazona"]
[Black "Pharaoh"]
[Result "0-1"]
[WhiteElo "1710"]
[BlackElo "1703"]

1. e4 e5 2. Nf3 d6 3. d4 exd4 4. Nxd4 Nf6 5. Nc3 Bd7 6. Bg5 Be7 7. Bc4 O-O 8.
Qf3 Nc6 9. Nxc6 Bxc6 10. O-O h6 11. Bf4 Qd7 12. Rad1 Rfe8 13. Nd5 Nxd5 14. exd5
Bb5 15. Bxb5 Qxb5 16. b3 Bf6 17. Qg4 Qb4 18. Qg3 Re4 19. Bxh6 Rae8 20. Bd2 Qa3
21. Ra1 Bxa1 22. h3 Qxa2 23. Bh6 g6 24. Qd3 Re1 25. Qd2 Rxf1+ 26. Kxf1 Qb1+ 27.
Qc1 Qxc1+ 28. Bxc1 Bc3 29. Be3 Re5 30. Bxa7 Re1# 0-1

[Event "IX-E-2-A-R9-J1"]
[Site "http://www.queenalice.com/game.php?id=1298196"]
[Date "2014.7.30"]
[Round "-"]
[White "Amazona"]
[Black "Sheik3333"]
[Result "0-1"]
[WhiteElo "1721"]
[BlackElo "1841"]

1. e4 e5 2. Nf3 d6 3. d4 exd4 4. Nxd4 Nf6 5. Nc3 Bd7 6. Bc4 a6 7. Bg5 Nc6 8.
Nxc6 Bxc6 9. O-O Be7 10. Bxf6 Bxf6 11. Qd2 Bxc3 12. Qxc3 O-O 13. Rae1 Qe7 14.
Re3 Bxe4 15. Rg3 Bg6 16. f4 b5 17. f5 Bh5 18. Bd3 f6 19. Re1 Qd7 20. Be4 Rae8
21. Qa5 d5 22. Rh3 Rxe4 23. Rxe4 dxe4 24. Rxh5 Qd1+ 25. Kf2 Qxh5 26. Qxc7 Qxf5+
27. Ke3 Rc8 28. Qb7 Qc5+ 29. Kxe4 Qc6+ 30. Qxc6 Rxc6 31. c3 Re6+ 0-1

[Event "IX-E-2-A-R11-J2"]
[Site "http://www.queenalice.com/game.php?id=1324677"]
[Date "2014.11.27"]
[Round "-"]
[White "Amazona"]
[Black "Newcobos"]
[Result "0-1"]
[WhiteElo "1723"]
[BlackElo "2192"]

1. e4 c5 2. Nf3 Nc6 3. d4 cxd4 4. Nxd4 Nf6 5. Nxc6 bxc6 6. Nc3 d6 7. e5 dxe5 8.
Qxd8+ Kxd8 9. Bc4 e6 10. Bg5 Be7 11. Bxf6 Bxf6 12. Ne4 Be7 13. O-O-O+ Kc7 14.
Rhe1 Bb7 15. a3 Rad8 16. Rxd8 Rxd8 17. g3 Rd4 18. c3 Rxc4 19. b3 Rxe4 20. Rxe4
Bxa3+ 21. Kc2 Bd6 22. c4 f5 23. Rh4 h6 24. Rh5 Bc5 25. f4 e4 26. Kd2 Bf8 27. Ke3
g6 28. Rh4 h5 29. Kd4 Bg7+ 30. Ke3 c5 31. Rh3 Bd4+ 32. Ke2 e3 33. Kd3 Bf3 34.
Kc2 e2 35. Kd2 Bf2 0-1

[Event "AUTO-INT-3662"]
[Site "http://www.queenalice.com/game.php?id=1668018"]
[Date "2021.4.23"]
[Round "1"]
[White "Amazona"]
[Black "Pharaoh"]
[Result "0-1"]
[WhiteElo "1662"]
[BlackElo "1677"]

1. e4 e5 2. Nf3 d6 3. h3 a6 4. Bc4 h6 5. Nc3 Nf6 6. d3 Nc6 7. O-O Na5 8. Bb3
Nxb3 9. axb3 Be7 10. Be3 O-O 11. Qd2 c5 12. Na4 Bd7 13. Nc3 Bc6 14. Nh4 Nxe4 15.
Nxe4 Bxe4 16. g3 Bxh4 17. gxh4 Qxh4 18. dxe4 Qxh3 19. f4 Qg4+ 0-1

[Event "AUTO-INT-3662"]
[Site "http://www.queenalice.com/game.php?id=1668019"]
[Date "2021.4.23"]
[Round "1"]
[White "Pharaoh"]
[Black "Amazona"]
[Result "1-0"]
[WhiteElo "1648"]
[BlackElo "1679"]

1. e4 e5 2. Nf3 d6 3. Bc4 h6 4. d3 a6 5. h3 Nf6 6. Nc3 Nc6 7. O-O Na5 8. Bd2
Nxc4 9. dxc4 Be6 10. Qe2 c5 11. Rfd1 Qb6 12. Na4 Qc7 13. Nc3 Be7 14. Be3 O-O 15.
Nd5 Bxd5 16. exd5 Rfe8 17. b3 e4 18. Nd2 Bf8 19. a4 1-0

[Event "AUTO-INT-3662"]
[Site "http://www.queenalice.com/game.php?id=1668022"]
[Date "2021.4.23"]
[Round "1"]
[White "Amazona"]
[Black "SamuraiJOM"]
[Result "0-1"]
[WhiteElo "1696"]
[BlackElo "1674"]

1. e4 e5 2. Nf3 Nc6 3. Bb5 h6 4. d3 Nf6 5. Bxc6 dxc6 6. h3 Bc5 7. Nxe5 O-O 8. a3
Qd4 9. Qe2 Qxe5 10. c3 a5 11. d4 Bxd4 12. cxd4 Qxd4 13. e5 Re8 14. O-O Rxe5 15.
Qd1 Qh4 16. Nc3 Be6 17. Be3 Nd5 18. Nxd5 Bxd5 19. Qe1 Qf6 20. Qc3 Rae8 21. Bd4
Qg5 22. g3 R5e6 23. Be3 Rxe3 24. Qd2 Rxg3+ 25. fxg3 Qxd2 26. b4 Qg2# 0-1

[Event "AUTO-INT-3662"]
[Site "http://www.queenalice.com/game.php?id=1668023"]
[Date "2021.4.23"]
[Round "1"]
[White "SamuraiJOM"]
[Black "Amazona"]
[Result "1/2-1/2"]
[WhiteElo "1517"]
[BlackElo "1647"]

1. e4 e5 2. Nf3 d6 3. Bc4 h6 4. c3 Nf6 5. d4 a6 6. Nbd2 Bg4 7. h3 Bh5 8. O-O Bg6
9. Nh4 Bxe4 10. Nxe4 Nxe4 11. g3 d5 12. Bb3 Be7 13. dxe5 c6 14. Nf5 O-O 15. Qg4
Nd7 16. Nxe7+ Qxe7 17. Bxh6 f6 18. c4 Nxe5 19. Qe2 gxh6 20. cxd5 cxd5 21. Bxd5+
Kg7 22. Bxe4 Rfe8 23. f4 Nc6 24. Qg4+ Kf8 25. Qg6 Qg7 26. Qxg7+ Kxg7 27. Bd5
Rac8 28. f5 Re5 29. Be6 Rd8 30. a4 Nd4 31. Bc4 Rde8 32. g4 Re3 33. Kg2 Rc8 34.
Bd5 Rc2+ 35. Kg1 Rg3+ 36. Kh1 Rxh3+ 37. Kg1 Rg3+ 38. Kh1 Rxg4 39. Rg1 h5 40.
Bxb7 a5 41. Rxg4+ hxg4 42. b4 axb4 43. a5 Rc5 44. a6 Nb5 45. a7 Nxa7 46. Rxa7
Kh6 47. Kh2 b3 48. Be4 Rb5 49. Kg3 Kg5 50. Rg7+ Kh6 51. Rg6+ Kh5 52. Rxf6 b2 53.
Rc6 Kg5 54. Bc2 b1=Q 55. Bxb1 Rxb1 56. f6 Rb7 57. Rc5+ Kxf6 58. Kxg4 1/2-1/2

[Event "AUTO-INT-3674"]
[Site "http://www.queenalice.com/game.php?id=1760493"]
[Date "2021.5.26"]
[Round "1"]
[White "krystian"]
[Black "Amazona"]
[Result "0-1"]
[WhiteElo "1410"]
[BlackElo "1619"]

1. e4 e5 2. Nf3 d6 3. Nc3 Bg4 4. Bc4 Qf6 5. Nd5 Qd8 6. d3 c6 7. Ne3 Bh5 8. Nf5
Qf6 9. h3 g6 10. Bg5 Bxf3 11. Bxf6 Bxd1 12. Bxh8 gxf5 13. Rxd1 f4 14. d4 Ne7 15.
dxe5 Ng6 16. Bf6 Nd7 17. O-O dxe5 0-1

[Event "AUTO-INT-3674"]
[Site "http://www.queenalice.com/game.php?id=1760494"]
[Date "2021.5.26"]
[Round "1"]
[White "Amazona"]
[Black "krystian"]
[Result "1-0"]
[WhiteElo "1627"]
[BlackElo "1402"]

1. e4 e5 2. Nf3 Nc6 3. Bb5 a6 4. Bxc6 dxc6 5. d3 Nf6 6. Nxe5 Bd6 7. Bf4 Nh5 8.
Qxh5 Qf6 9. Bg3 g6 10. Qe2 Bxe5 11. Bxe5 Qxe5 12. Nc3 b5 13. O-O O-O 14. f4 Qe7
15. a3 c5 16. Nd5 Qd6 17. c4 1-0

[Event "AUTO-INT-3674"]
[Site "http://www.queenalice.com/game.php?id=1760509"]
[Date "2021.5.26"]
[Round "1"]
[White "SamuraiJOM"]
[Black "Amazona"]
[Result "1-0"]
[WhiteElo "1706"]
[BlackElo "1633"]

1. e4 e5 2. Nf3 d6 3. c3 Bg4 4. Bc4 Qf6 5. h3 Bxf3 6. gxf3 a6 7. d3 b5 8. Bb3
Ne7 9. c4 b4 10. a3 c5 11. Ba4+ Nec6 12. axb4 cxb4 13. Be3 a5 14. Nd2 Be7 15.
Nb3 O-O 16. Qe2 h6 17. c5 dxc5 18. Nxc5 Bd6 19. Bxc6 Nxc6 20. Nd7 Qd8 21. Nxf8
Kxf8 22. h4 h5 23. b3 Be7 24. Rd1 g6 25. Qb2 Nd4 26. Bxd4 exd4 27. f4 Bxh4 28.
Qe2 Be7 29. f5 Bf6 30. fxg6 fxg6 31. f4 Bh4+ 32. Kf1 Qf6 33. f5 gxf5 34. e5 Qe7
35. Ra1 Qg5 36. Rh3 Qf4+ 37. Rf3 Qg4 38. e6 Ke7 39. Qg2 Qxg2+ 40. Kxg2 Kxe6 41.
Kh3 Bf6 42. Re1+ Kd5 43. Rxf5+ Kc6 44. Rxf6+ Kd7 45. Ra1 Ke7 46. Rh6 Kf7 47.
Rxh5 Kg6 48. Rhxa5 Rh8+ 49. Kg4 Rc8 50. Ra6+ Kf7 51. Rf1+ Ke7 52. Rf4 Rd8 53.
Kg5 Rg8+ 54. Kh4 Rh8+ 55. Kg5 Rg8+ 56. Rg6 Rc8 57. Rg7+ Kd8 58. Rxd4+ Ke8 59.
Rxb4 Rc5+ 60. Kf6 Rc6+ 61. Kg5 Kf8 62. Ra7 Rc3 63. Rb8+ 1-0

[Event "AUTO-INT-3674"]
[Site "http://www.queenalice.com/game.php?id=1760510"]
[Date "2021.5.26"]
[Round "1"]
[White "Amazona"]
[Black "SamuraiJOM"]
[Result "1-0"]
[WhiteElo "1613"]
[BlackElo "1701"]

1. e4 e5 2. Nf3 Nc6 3. Bb5 h6 4. Bxc6 dxc6 5. d3 Bc5 6. Nxe5 Qf6 7. Nf3 a5 8. h3
Be6 9. O-O Qd8 10. d4 Bd6 11. e5 Be7 12. Nc3 f6 13. a3 Qd7 14. Be3 Bc4 15. Re1
O-O-O 16. exf6 gxf6 17. Nd2 Be6 18. Qf3 Rf8 19. Bf4 Bd6 20. Bxd6 cxd6 21. Qe3
Bf5 22. Rac1 h5 23. Na4 Qc7 24. c4 Rd8 25. c5 d5 26. Qf3 Bg6 27. Nb6+ Kb8 28.
Re3 f5 29. Re6 Bf7 30. Re5 Bg6 31. Qc3 f4 32. Rce1 Nf6 33. Re7 Rd7 34. Nxd7+
Nxd7 35. Rg7 Bh7 36. Ree7 Bf5 37. Rg5 Qd8 38. Rgg7 Rg8 39. Rxg8 Qxg8 40. Kf1 a4
41. Nf3 Nf6 42. Qb4 Bd3+ 43. Kg1 Bb5 44. Qe1 Qd8 45. Ng5 Qg8 46. Qe5+ Ka7 47.
Qxf6 Qb8 48. Qd6 Qc8 49. Qd7 Qxd7 50. Rxd7 Bd3 51. Rf7 f3 52. Nxf3 Bg6 53. Rf6
Be4 54. Ng5 Bd3 55. Rh6 Be2 56. f3 Bd1 57. Rxh5 Bc2 58. Ne6 b6 59. f4 Bg6 60.
Rh6 Bf7 61. Rh7 bxc5 62. Rxf7+ Kb6 63. dxc5+ Kb5 64. Rb7+ Kc4 65. Rb6 d4 66.
Rxc6 d3 67. Kf1 d2 68. Ke2 1-0

[Event "AUTO-INT-3674"]
[Site "http://www.queenalice.com/game.php?id=1760519"]
[Date "2021.5.26"]
[Round "1"]
[White "profeta"]
[Black "Amazona"]
[Result "1-0"]
[WhiteElo "1504"]
[BlackElo "1634"]

1. d4 d5 2. Nf3 Bf5 3. Nc3 e6 4. Bf4 a6 5. h3 Nc6 6. a3 Bd6 7. Bxd6 Qxd6 8. g3
h6 9. g4 Bh7 10. b4 Nf6 11. g5 hxg5 12. Nxg5 Bg6 13. e3 O-O-O 14. Bg2 Nh7 15.
Nxh7 Rxh7 16. Qd2 f6 17. b5 axb5 18. Nxb5 Qd7 19. f3 Ne7 20. Qa5 Qc6 21. Na7+
Kd7 22. Nxc6 Nxc6 23. Qb5 Rb8 24. c4 Bd3 25. f4 Bxc4 26. Qb1 b6 27. Qxh7 f5 28.
Qxg7+ Kc8 29. Bf1 Bxf1 30. Rxf1 Kb7 31. a4 Nb4 32. Rb1 Nc6 33. Rf2 Ra8 34. Rfb2
Ra6 35. h4 Kc8 36. Qg8+ Nd8 37. h5 Rxa4 38. h6 1-0

[Event "AUTO-INT-3674"]
[Site "http://www.queenalice.com/game.php?id=1760520"]
[Date "2021.5.26"]
[Round "1"]
[White "Amazona"]
[Black "profeta"]
[Result "0-1"]
[WhiteElo "1642"]
[BlackElo "1469"]

1. e4 e5 2. Nf3 Nc6 3. Bc4 Nf6 4. d3 d5 5. exd5 Nd4 6. Nxe5 b5 7. Bb3 Nxb3 8.
axb3 Bd6 9. Nc6 Qd7 10. Qe2+ Be7 11. Nxe7 Qxe7 12. Qxe7+ Kxe7 13. Bg5 h6 14. Bh4
g5 15. Bg3 Rd8 16. c4 bxc4 17. dxc4 Kf8 18. O-O c5 19. Nc3 a6 20. Na4 Ne4 21.
Be5 Nd2 22. Rfd1 Nxb3 23. Ra3 Nd4 24. Bxd4 cxd4 25. Rxd4 Re8 26. Kf1 Ra7 27. Nc5
a5 28. b4 a4 29. Rxa4 Rae7 30. g3 Bh3+ 31. Kg1 Re1# 0-1

[Event "Challenge"]
[Site "http://www.queenalice.com/game.php?id=1770318"]
[Date "2021.9.20"]
[Round "-"]
[White "Amazona"]
[Black "lucasalex"]
[Result "0-1"]
[WhiteElo "1620"]
[BlackElo "1981"]

1. e4 e5 2. Nf3 Nc6 3. Bb5 d6 4. Bxc6+ bxc6 5. d3 Be7 6. Nc3 Nf6 7. O-O O-O 8.
Be3 Nd7 9. a3 Nb6 10. d4 exd4 11. Nxd4 Bd7 12. f4 f5 13. e5 Nc4 14. Qe2 Nxe3 15.
Rf3 Nd5 16. Nxd5 cxd5 17. e6 Be8 18. Qd3 g6 19. Re1 c5 20. Ne2 Bc6 21. Qa6 Qb6
22. Qxb6 axb6 23. c3 d4 24. Rd3 dxc3 25. Nxc3 Rfd8 26. Red1 Kg7 27. Re1 d5 28.
h3 d4 29. Ne2 Bb5 30. g4 Bxd3 31. Nc1 Bc4 32. gxf5 gxf5 33. Kh2 Kf6 34. Ne2 Bxe2
35. Rxe2 d3 36. Rd2 c4 37. Kg3 Bxa3 38. bxa3 c3 39. Ra2 d2 0-1

[Event "Challenge"]
[Site "http://www.queenalice.com/game.php?id=1775915"]
[Date "2021.11.30"]
[Round "-"]
[White "Amazona"]
[Black "thbn"]
[Result "0-1"]
[WhiteElo "1618"]
[BlackElo "1771"]

1. e4 e5 2. Nf3 Nc6 3. Bb5 Qf6 4. Bxc6 Qxc6 5. Nxe5 Qf6 6. Nf3 Bc5 7. d3 Ne7 8.
e5 Qb6 9. d4 Qa5+ 10. Nc3 Bb4 11. Bd2 O-O 12. a3 Bxc3 13. Bxc3 Qb6 14. Bb4 Re8
15. O-O Nd5 16. Qd2 d6 0-1